[Event "11th LCC FIDE Open 2019"]
[Site "London"]
[Date "2019.12.04"]
[Round "7.45"]
[White "AuYeung, Chi Hung Jonathan"]
[Black "Ciocan, Maria-Alexandra"]
[Result "1/2-1/2"]
[WhiteElo "1770"]
[BlackElo "2058"]
[Annotator "NA RC"]
[PlyCount "114"]
[EventDate "2019.11.29"]
[EventType "swiss"]
[EventCountry "ENG"]
[SourceTitle "playchess.com"]
[Source "ChessBase"]
[SourceQuality "1"]
[TimeControl "40/5400+30:1800+30"]

1. d4 {[%emt 0:11:25]} Nf6 {[%emt 0:00:06]} 2. Nf3 {[%emt 0:00:13]} g6 {[%emt 0:00:15]} 3. c4 {[%emt 0:00:43]} Bg7 {[%emt 0:00:06]} 4. g3 {[%emt 0:00:14]} O-O {[%emt 0:00:09]} 5. Bg2 {[%emt 0:00:07]} d6 {[%emt 0:00:07]} 6. O-O {[%emt 0:00:19]} Nc6 {[%emt 0:00:32]} 7. Nc3 {[%emt 0:00:20]} a6 {[%emt 0:00:07]} 8. e4 {[%emt 0:06:51]} Bg4 {[%emt 0:00:43]} 9. Be3 {[%emt 0:01:09]} Nd7 {[%emt 0:04:15]} 10. Qd2 {[%emt 0:06:50]} Bxf3 {[%emt 0:13:18]} 11. Bxf3 {[%emt 0:00:04]} e5 {[%emt 0:00:10]} 12. d5 {[%emt 0:01:04]} Nd4 {[%emt 0:01:23]} 13. Bg2 {[%emt 0:04:16]} c5 {[%emt 0:05:22]} 14. dxc6 {[%emt 0:09:08]} bxc6 {[%emt 0:00:23]} 15. b4 {[%emt 0:05:09]} Nb6 {[%emt 0:11:53]} 16. Qd3 {[%emt 0:02:08]} Qd7 {[%emt 0:00:50]} 17. Rac1 {[%emt 0:20:11]} Qe6 {[%emt 0:02:53]} 18. Ne2 {[%emt 0:01:22]} c5 {[%emt 0:01:51]} 19. f4 {[%emt 0:05:59]} f6 {[%emt 0:10:56]} 20. Bxd4 {[%emt 0:04:53]} cxd4 {[%emt 0:03:04]} 21. c5 {[%emt 0:01:45]} dxc5 {[%emt 0:01:27]} 22. bxc5 {[%emt 0:00:16]} Nd7 {[%emt 0:02:07]} 23. f5 {[%emt 0:02:09]} Qxa2 {[%emt 0:02:57]} 24. fxg6 {[%emt 0:05:59]} hxg6 {[%emt 0:00:36]} 25. Bh3 {[%emt 0:01:05]} Qf7 {[%emt 0:01:41]} 26. c6 {[%emt 0:03:22]} Nb6 {[%emt 0:00:18]} 27. c7 {[%emt 0:01:07]} Nc8 {[%emt 0:05:18]} 28. Rc6 {[%emt 0:01:16]} Re8 {[%emt 0:00:21]} 29. Rxa6 {[%emt 0:02:50]} Rxa6 {[%emt 0:04:03]} 30. Qxa6 {[%emt 0:00:06]} d3 {[%emt 0:03:10]} 31. Bxc8 {[%emt 0:08:06]} dxe2 {[%emt 0:00:17]} 32. Be6 {[%emt 0:01:08]} exf1=Q+ {[%emt 0:01:53]} 33. Kxf1 {[%emt 0:00:08]} Qxe6 {[%emt 0:04:56]} 34. Qxe6+ {[%emt 0:00:14]} Rxe6 {[%emt 0:00:09]} 35. c8=Q+ Kf7 {[%emt 0:00:03]} 36. Qd7+ {[%emt 0:02:43]} Re7 {[%emt 0:00:06]} 37. Qd5+ {[%emt 0:00:11]} Kf8 {[%emt 0:00:35]} 38. g4 {[%emt 0:01:05]} Bh6 {[%emt 0:02:44]} 39. h4 {[%emt 0:00:58]} Kg7 {[%emt 0:00:57]} 40. Qd6 {[%emt 0:01:52]} Rf7 {[%emt 0:03:49]} 41. Ke2 {[%emt 0:01:25]} Bf4 {[%emt 0:04:50]} 42. Kd3 {[%emt 0:03:42]} Ra7 {[%emt 0:16:45]} 43. Kc4 {[%emt 0:01:20]} Ra4+ {[%emt 0:02:15]} 44. Kb5 {[%emt 0:00:36]} Ra7 {[%emt 0:00:09]} 45. Qc5 {[%emt 0:02:01]} Rf7 {[%emt 0:01:29]} 46. Kc6 {[%emt 0:01:25]} Bg3 {[%emt 0:03:03]} 47. h5 {[%emt 0:02:00]} gxh5 {[%emt 0:02:57]} 48. gxh5 {[%emt 0:00:07]} Kh6 {[%emt 0:00:38]} 49. Qe3+ {[%emt 0:07:46]} Bf4 {[%emt 0:00:07]} 50. Qh3 {[%emt 0:00:28]} Rg7 {[%emt 0:01:03]} 51. Qf5 {[%emt 0:05:19]} Rg5 {[%emt 0:01:41]} 52. Qxf6+ {[%emt 0:00:33]} Kxh5 {[%emt 0:00:04]} 53. Kd5 {[%emt 0:00:29]} Kg4 {[%emt 0:01:21]} 54. Qh6 {[%emt 0:02:13]} Rh5 {[%emt 0:01:09]} 55. Qg7+ {[%emt 0:01:22]} Rg5 {[%emt 0:01:17]} 56. Qa7 {[%emt 0:00:31]} Kh4 {[%emt 0:00:59]} 57. Qa1 {[%emt 0:01:48]} Rg3 {[%emt 0:00:55]} 1/2-1/2

[Event "11th LCC FIDE Open 2019"]
[Site "London"]
[Date "2019.12.04"]
[Round "7.46"]
[White "Orgler, Philipp"]
[Black "Grey, Nicholas D"]
[Result "1-0"]
[WhiteElo "2047"]
[BlackElo "1692"]
[Annotator "NA"]
[PlyCount "73"]
[EventDate "2019.11.29"]
[EventType "swiss"]
[EventCountry "ENG"]
[SourceTitle "playchess.com"]
[Source "ChessBase"]
[SourceQuality "1"]
[TimeControl "40/5400+30:1800+30"]

1. e4 {[%emt 0:09:16]} d6 {[%emt 0:00:37]} 2. d4 {[%emt 0:00:31]} Nf6 {[%emt 0:00:37]} 3. Nc3 {[%emt 0:00:21]} g6 {[%emt 0:01:25]} 4. Nf3 {[%emt 0:00:10]} Bg7 {[%emt 0:00:55]} 5. Bf4 {[%emt 0:00:08]} O-O {[%emt 0:05:34]} 6. Qd2 {[%emt 0:01:20]} c6 {[%emt 0:02:30]} 7. Bh6 {[%emt 0:01:11]} b5 {[%emt 0:03:08]} 8. Bd3 {[%emt 0:02:06]} Bg4 {[%emt 0:13:19]} 9. Bxg7 {[%emt 0:09:41]} Kxg7 {[%emt 0:01:41]} 10. Qe3 {[%emt 0:01:06]} Qc7 {[%emt 0:05:40]} 11. O-O {[%emt 0:08:37]} Nbd7 {[%emt 0:03:11]} 12. e5 {[%emt 0:05:26]} Nd5 {[%emt 0:03:23]} 13. Nxd5 {[%emt 0:00:24]} cxd5 {[%emt 0:00:37]} 14. Bxb5 {[%emt 0:05:46]} Bxf3 {[%emt 0:04:38]} 15. exd6 {[%emt 0:03:10]} Qxd6 {[%emt 0:03:04]} 16. Qxf3 {[%emt 0:00:18]} Nf6 {[%emt 0:01:57]} 17. b3 {[%emt 0:08:36]} Qb6 {[%emt 0:07:19]} 18. Qd3 {[%emt 0:02:47]} a6 {[%emt 0:02:18]} 19. Ba4 {[%emt 0:00:12]} Rac8 {[%emt 0:02:17]} 20. c4 {[%emt 0:03:02]} dxc4 {[%emt 0:01:32]} 21. bxc4 {[%emt 0:00:06]} Rfd8 {[%emt 0:01:04]} 22. Rfd1 {[%emt 0:00:32]} Qc7 {[%emt 0:02:51]} 23. Rac1 {[%emt 0:02:26]} Ng4 {[%emt 0:03:53]} 24. Qg3 {[%emt 0:01:41]} Qxg3 {[%emt 0:01:05]} 25. hxg3 {[%emt 0:00:07]} e5 {[%emt 0:01:24]} 26. d5 {[%emt 0:01:14]} Nf6 {[%emt 0:07:04]} 27. Re1 {[%emt 0:03:11]} Rc5 {[%emt 0:03:32]} 28. Bc6 {[%emt 0:04:36]} Rd6 {[%emt 0:02:19]} 29. f3 {[%emt 0:02:19]} Ng8 {[%emt 0:03:26]} 30. Ba4 {[%emt 0:01:43]} Ne7 {[%emt 0:01:18]} 31. Kf2 {[%emt 0:10:23]} f6 {[%emt 0:02:14]} 32. f4 {[%emt 0:00:31]} g5 {[%emt 0:02:52]} 33. fxe5 {[%emt 0:01:23]} fxe5 {[%emt 0:00:56]} 34. Rxe5 {[%emt 0:01:23]} Nxd5 {[%emt 0:01:42]} 35. Rd1 {[%emt 0:00:47]} Nc3 {[%emt 0:02:46]} 36. Rxc5 {[%emt 0:01:19]} Rxd1 {[%emt 0:00:39]} 37. Rc7+ {[%emt 0:00:28]} 1-0

[Event "11th LCC FIDE Open 2019"]
[Site "London"]
[Date "2019.12.04"]
[Round "7.47"]
[White "Johnson, Daniel"]
[Black "Finn, Peter"]
[Result "1/2-1/2"]
[WhiteElo "2186"]
[BlackElo "1895"]
[Annotator "NA"]
[PlyCount "53"]
[EventDate "2019.11.29"]
[EventType "swiss"]
[EventCountry "ENG"]
[SourceTitle "playchess.com"]
[Source "ChessBase"]
[SourceQuality "1"]
[TimeControl "40/5400+30:1800+30"]

1. d4 {[%emt 0:09:54]} Nf6 {[%emt 0:00:00]} 2. c4 {[%emt 0:00:26]} e6 {[%emt 0:00:00]} 3. Nc3 {[%emt 0:00:05]} Bb4 {[%emt 0:00:00]} 4. Qc2 {[%emt 0:00:02]} Nc6 {[%emt 0:00:00]} 5. Nf3 {[%emt 0:00:04]} d6 {[%emt 0:00:03]} 6. g3 {[%emt 0:00:03]} e5 {[%emt 0:00:14]} 7. dxe5 {[%emt 0:01:30]} dxe5 {[%emt 0:00:07]} 8. Bg2 {[%emt 0:01:18]} e4 {[%emt 0:00:12]} 9. Nd2 {[%emt 0:09:08]} Nd4 {[%emt 0:00:41]} 10. Qd1 {[%emt 0:00:39]} Bg4 {[%emt 0:00:29]} 11. h3 {[%emt 0:06:28]} Bh5 {[%emt 0:00:29]} 12. g4 {[%emt 0:01:03]} Bg6 {[%emt 0:00:06]} 13. Nf1 {[%emt 0:11:04]} O-O {[%emt 0:43:15]} 14. Bd2 {[%emt 0:02:12]} Qe7 {[%emt 0:01:50]} 15. Ne3 {[%emt 0:15:12]} Rfd8 {[%emt 0:04:27]} 16. g5 {[%emt 0:04:48]} Nh5 {[%emt 0:03:59]} 17. Ned5 {[%emt 0:02:13]} Qe5 {[%emt 0:02:07]} 18. Nxb4 {[%emt 0:19:29]} Nf3+ {[%emt 0:00:59]} 19. exf3 {[%emt 0:01:43]} exf3+ {[%emt 0:00:08]} 20. Kf1 {[%emt 0:00:41]} fxg2+ {[%emt 0:16:00]} 21. Kxg2 {[%emt 0:00:05]} Be4+ {[%emt 0:20:05]} 22. Nxe4 {[%emt 0:06:20]} Qxe4+ {[%emt 0:00:01]} 23. f3 {[%emt 0:00:01]} Nf4+ {[%emt 0:02:17]} 24. Kg3 {[%emt 0:02:12]} Nh5+ {[%emt 0:00:47]} 25. Kg2 {[%emt 0:01:14]} Nf4+ {[%emt 0:00:40]} 26. Kg3 {[%emt 0:00:43]} Nh5+ {[%emt 0:00:28]} 27. Kg2 {[%emt 0:01:10]} 1/2-1/2

[Event "11th LCC FIDE Open 2019"]
[Site "London"]
[Date "2019.12.04"]
[Round "7.48"]
[White "Mata, Adilson"]
[Black "Marzano, Carlo"]
[Result "0-1"]
[WhiteElo "1928"]
[BlackElo "2128"]
[Annotator "TA"]
[PlyCount "108"]
[EventDate "2019.11.29"]
[EventType "swiss"]
[EventCountry "ENG"]
[SourceTitle "playchess.com"]
[Source "ChessBase"]
[SourceQuality "1"]

{[%evp 9,108,-4,12,22,38,-10,-13,-3,-6,-8,-13,-27,-10,-31,-38,-42,-42,-37,-35,-39,-31,-88,-88,-88,-88,-87,-86,-91,-87,-99,-99,-101,-100,-95,-95,-117,-117,-117,-115,-116,-116,-116,-116,-170,-152,-164,-130,-173,-123,-172,-128,-153,-135,-170,-162,-225,-186,-186,-186,-186,-179,-258,-170,-133,-108,-108,-108,-108,-108,-150,-108,-108,-108,-345,-318,-347,-339,-330,-316,-297,-291,-491,-480,-547,-537,-588,-583,-519,-312,-1918,-1916,-1922,-1615,-1604,-1568,-29977,-1564,-1799,-1650,-6079,-5828]} 1. d4 d5 2. Bf4 Nf6 3. e3 c5 4. c3 Nc6 5. Nd2 Qb6 6. Qb3 {D00: 1 d4 d5: Unusual lines} c4 (6... Nh5 7. Qxb6 axb6 8. Bc7 cxd4 9. exd4 e5 10. Bxe5 Nxe5 11. dxe5 Bc5 12. g3 O-O {1-0 (76) Aronian,L (2765)-Caruana,F (2832) London 2018}) 7. Qxb6 axb6 8. a3 {The position is equal.} b5 9. Rc1 Bf5 10. h3 e6 11. Ngf3 h6 12. Ne5 Nxe5 $146 ({Predecessor:} 12... Be7) 13. Bxe5 Nd7 14. Be2 Nb6 15. Bd1 ({Better is} 15. f3 $15) 15... Na4 $17 16. Bxa4 bxa4 17. e4 Bxe4 18. Nxe4 dxe4 19. Kd2 f6 20. Bh2 Kf7 21. Rce1 f5 $1 22. Be5 Be7 23. Rhf1 Rhd8 24. Kc2 Ra6 25. Re2 Rd5 26. Kb1 (26. f3 $17 exf3 27. Rxf3) 26... Rb5 $19 27. Ka2 Ra8 28. Rfe1 Re8 29. Ka1 Rg8 30. Ka2 h5 31. Bc7 Bf6 32. Bd6 (32. f3 $142 e5 33. fxe4) 32... Rd5 33. Bc7 Rc8 34. Bh2 Rcd8 35. Kb1 (35. f3 $142 exf3 36. gxf3) 35... Rg8 36. Kc2 h4 37. f3 exf3 $1 38. gxf3 Re8 39. Bc7 Rc8 40. Bh2 Rc6 41. Be5 $2 (41. Rg2 $17 {keeps fighting.}) 41... Bxe5 42. Rxe5 Rxe5 43. Rxe5 {[%mdl 4096] Endgame KR-KR} Kf6 $1 {[%cal Rf6g5]} 44. Rb5 {[#]} Kg5 $1 45. Kd2 $2 (45. Rxb7 Kf4 46. Rxg7) 45... Kf4 46. Ke2 Kg3 47. Rxb7 g5 48. Rg7 g4 49. hxg4 $2 (49. fxg4 f4 50. Rb7) 49... f4 50. Rh7 Rb6 51. g5 Rxb2+ 52. Kd1 Rb5 (52... h3 $142 53. d5 exd5 54. g6 Rg2 55. Rh5 h2 56. g7 Kxf3 57. Rh3+ Ke4 58. Rxh2 Rxg7 59. Ke1 Rb7 60. Rh8 Rb2 61. Rh7 Ra2 62. Kd1 Rxa3 63. Kc2 Ra2+ 64. Kc1 f3 65. Rh4+ Kf5 66. Kb1 {[#]} f2 $1 {[%mdl 512]} 67. Kxa2 f1=Q 68. Rh5+ Ke4 69. Rh4+ Kd3 70. Ka3 Qf8+ 71. Kxa4 Qe8+ 72. Ka5 Qd8+ {[%mdl 64] Double Attack} 73. Kb5 Qxh4 74. Kc5 Qd8 75. Kc6 Kxc3 76. Kb7 Kb4 77. Ka6 Kc5 78. Kb7 c3 79. Ka7 Kc6 80. Ka6 Qb6#) 53. g6 Rg5 54. g7 h3 {Accuracy: White = 35%, Black = 67%.} 0-1

[Event "11th LCC FIDE Open 2019"]
[Site "London"]
[Date "2019.12.04"]
[Round "7.49"]
[White "Bates, Caspar J"]
[Black "Patel, Rishi"]
[Result "0-1"]
[WhiteElo "2120"]
[BlackElo "1891"]
[Annotator "TA"]
[PlyCount "36"]
[EventDate "2019.11.29"]
[EventType "swiss"]
[EventCountry "ENG"]
[SourceTitle "playchess.com"]
[Source "ChessBase"]
[SourceQuality "1"]

{[%evp 9,10,10,15]} 1. d4 Nf6 2. c4 e6 3. Nf3 d5 4. e3 Be7 5. Nc3 b6 {[%mdl 32768] Loss on time!?} {Predecessor:} 6. cxd5 $146 exd5 7. Bd3 Bb7 8. O-O O-O 9. b3 Nbd7 10. Bb2 Re8 11. Rc1 a6 12. Ne5 c5 13. f4 b5 14. Ne2 Rc8 15. Ng3 c4 16. Bb1 Nf8 17. Nf5 Rc7 18. Qf3 Bc8 {0-1 (30) Skomorokhin,R (2396)-Bacrot,E (2696) Balagna 2017} 0-1

[Event "11th LCC FIDE Open 2019"]
[Site "London"]
[Date "2019.12.04"]
[Round "7.50"]
[White "Coote, Trevor D"]
[Black "Lohia, Sohum"]
[Result "1/2-1/2"]
[WhiteElo "2075"]
[BlackElo "1889"]
[Annotator "NA"]
[PlyCount "68"]
[EventDate "2019.11.29"]
[EventType "swiss"]
[EventCountry "ENG"]
[SourceTitle "playchess.com"]
[Source "ChessBase"]
[SourceQuality "1"]
[TimeControl "40/5400+30:1800+30"]

1. g3 {[%emt 0:13:23]} Nf6 {[%emt 0:00:55]} 2. Bg2 {[%emt 0:00:03]} g6 {[%emt 0:01:05]} 3. Nf3 {[%emt 0:02:21]} Bg7 {[%emt 0:00:10]} 4. O-O {[%emt 0:00:02]} O-O {[%emt 0:00:07]} 5. d4 {[%emt 0:00:14]} d6 {[%emt 0:00:19]} 6. c4 {[%emt 0:00:13]} c6 {[%emt 0:00:11]} 7. Nc3 {[%emt 0:01:12]} Qa5 {[%emt 0:00:20]} 8. e4 {[%emt 0:02:25]} Bg4 {[%emt 0:00:14]} 9. h3 {[%emt 0:00:40]} Bxf3 {[%emt 0:00:09]} 10. Bxf3 {[%emt 0:01:15]} Nfd7 {[%emt 0:00:50]} 11. Be3 {[%emt 0:08:31]} Qb4 {[%emt 0:01:48]} 12. Qd3 {[%emt 0:04:54]} Nb6 {[%emt 0:05:16]} 13. Be2 {[%emt 0:04:32]} N8d7 {[%emt 0:12:37]} 14. b3 {[%emt 0:02:24]} c5 {[%emt 0:08:46]} 15. a3 {[%emt 0:12:39]} Qxb3 {[%emt 0:01:55]} 16. Rab1 {[%emt 0:17:27]} Qxc4 {[%emt 0:00:45]} 17. Qxc4 {[%emt 0:05:32]} Nxc4 {[%emt 0:00:05]} 18. Bxc4 {[%emt 0:00:10]} cxd4 {[%emt 0:00:04]} 19. Nd5 {[%emt 0:00:08]} dxe3 {[%emt 0:00:36]} 20. Rxb7 {[%emt 0:08:54]} Ne5 {[%emt 0:03:11]} 21. Nxe7+ {[%emt 0:03:48]} Kh8 {[%emt 0:01:03]} 22. Be2 {[%emt 0:00:22]} Rab8 {[%emt 0:06:13]} 23. Rfb1 {[%emt 0:02:10]} exf2+ {[%emt 0:01:11]} 24. Kxf2 Rxb7 {[%emt 0:03:45]} 25. Rxb7 {[%emt 0:00:05]} a5 {[%emt 0:11:42]} 26. Rb6 {[%emt 0:04:48]} Nc4 {[%emt 0:05:01]} 27. Rb5 {[%emt 0:04:28]} Nxa3 {[%emt 0:00:40]} 28. Rxa5 {[%emt 0:00:17]} Nb1 {[%emt 0:01:15]} 29. Bd3 {[%emt 0:01:52]} Nc3 {[%emt 0:00:19]} 30. Nd5 {[%emt 0:01:40]} Nxd5 {[%emt 0:00:35]} 31. Rxd5 {[%emt 0:00:52]} Be5 {[%emt 0:00:21]} 32. Rb5 {[%emt 0:00:18]} Ra8 {[%emt 0:03:01]} 33. Bc4 {[%emt 0:01:08]} Ra7 {[%emt 0:01:00]} 34. g4 {[%emt 0:00:36]} Kg7 {[%emt 0:01:22]} 1/2-1/2

[Event "11th LCC FIDE Open 2019"]
[Site "London"]
[Date "2019.12.05"]
[Round "8.1"]
[White "Aravindh, Chithambaram VR."]
[Black "Praggnanandhaa R"]
[Result "1/2-1/2"]
[WhiteElo "2605"]
[BlackElo "2586"]
[Annotator "TA"]
[PlyCount "117"]
[EventDate "2019.11.29"]
[EventType "swiss"]
[EventCountry "ENG"]
[SourceTitle "playchess.com"]
[Source "ChessBase"]
[SourceQuality "1"]

{[%evp 10,117,25,33,41,16,20,16,18,19,32,24,29,-20,18,19,40,28,38,45,53,46,58,42,54,65,53,18,44,0,0,0,0,0,1,0,0,0,8,0,0,0,0,0,0,0,0,0,0,0,0,0,0,0,6,2,7,12,8,0,0,0,9,11,18,0,0,0,0,0,7,0,7,0,0,0,0,0,0,0,0,0,0,0,0,0,0,0,0,0,0,0,0,0,0,0,0,0,0,0,0,0,0,0,0,0,0,0,0,0]} 1. d4 Nf6 2. c4 e6 3. Nf3 d5 4. Bg5 h6 5. Bxf6 Qxf6 6. e3 g6 {D30: Queen's Gambit Declined: Systems without Nc3} 7. Nbd2 {[%cal Bb1d2,Bd2c4,Bc4d6,Bd6b5][%mdl 32]} Bg7 8. Rc1 c6 9. Bd3 O-O 10. O-O Nd7 11. e4 $146 ({Predecessor:} 11. Re1 Qd8 12. Qb3 a5 13. e4 a4 14. Qa3 dxe4 15. Nxe4 {1-0 (64) Rapport,R (2675)-Wei,Y (2753) Tbilisi 2017}) 11... dxc4 12. Nxc4 c5 13. e5 Qd8 14. dxc5 Nxc5 15. Bb1 Nd7 16. Re1 b5 17. Nd6 Rb8 18. Qd2 Nb6 19. Nxb5 Qxd2 {The position is equal.} 20. Nxd2 Bxe5 21. Rxe5 Nd7 22. Ree1 Rxb5 23. b3 Nf6 24. Rc7 Rb7 25. Rc5 Rd7 26. Ne4 Nxe4 27. Bxe4 Rfd8 28. h3 Bb7 29. Bxb7 Rxb7 $11 {[%mdl 4096] Endgame KRR-KRR} 30. Rec1 Rd2 31. R1c2 Rdd7 32. Kf1 Kf8 33. Ke2 Ke7 34. Rd2 Rdc7 35. Rdc2 Rxc5 36. Rxc5 {KR-KR} Kd6 37. Rc4 Rb5 38. Kd3 Rf5 39. f3 Rg5 40. g4 h5 41. b4 hxg4 42. hxg4 Rd5+ 43. Rd4 f5 44. g5 e5 45. Rxd5+ Kxd5 {KP-KP} 46. a3 a6 47. a4 Kd6 48. Kc4 Kc6 $1 49. b5+ axb5+ 50. axb5+ {K3P-K3P} Kd6 51. b6 {Hoping for Kb5.} Kc6 52. b7 $1 {[%cal Rb7b8]} Kxb7 {Threatens to win with ...Kc6. K3P-KPP} 53. Kd5 {[#]} e4 $1 {[%cal Re4f3][%mdl 512]} 54. fxe4 f4 $1 {[%cal Rf4f3]} 55. Kd4 Kc6 56. e5 f3 {( -> ...f2)} 57. Ke3 Kd5 58. Kxf3 {[#] Threatening mate with Kf4.} Kxe5 59. Ke3 {Accuracy: White = 52%, Black = 73%.} 1/2-1/2

[Event "11th LCC FIDE Open 2019"]
[Site "London"]
[Date "2019.12.05"]
[Round "8.2"]
[White "Smirnov, Anton"]
[Black "Gordon, Stephen J"]
[Result "1-0"]
[WhiteElo "2573"]
[BlackElo "2505"]
[Annotator "RC"]
[PlyCount "91"]
[EventDate "2019.11.29"]
[EventType "swiss"]
[EventCountry "ENG"]
[SourceTitle "playchess.com"]
[Source "ChessBase"]
[SourceQuality "1"]
[TimeControl "40/5400+30:1800+30"]

1. e4 {[%emt 0:00:00]} c5 {[%emt 0:00:00]} 2. Nf3 {[%emt 0:00:00]} Nc6 {[%emt 0:00:00]} 3. d4 {[%emt 0:00:11]} cxd4 {[%emt 0:00:00]} 4. Nxd4 {[%emt 0:00:06]} Nf6 {[%emt 0:00:07]} 5. Nc3 {[%emt 0:00:15]} e5 {[%emt 0:00:06]} 6. Ndb5 {[%emt 0:00:08]} d6 {[%emt 0:00:07]} 7. Bg5 {[%emt 0:00:09]} a6 {[%emt 0:00:08]} 8. Na3 {[%emt 0:00:03]} b5 {[%emt 0:00:06]} 9. Nd5 {[%emt 0:00:04]} Be7 {[%emt 0:00:14]} 10. Bxf6 {[%emt 0:00:10]} Bxf6 {[%emt 0:00:04]} 11. c4 {[%emt 0:00:07]} b4 {[%emt 0:00:17]} 12. Nc2 {[%emt 0:00:05]} O-O {[%emt 0:00:10]} 13. h4 {[%emt 0:02:04]} a5 {[%emt 0:02:45]} 14. g3 {[%emt 0:00:24]} Be6 {[%emt 0:00:38]} 15. Bg2 {[%emt 0:00:12]} g6 {[%emt 0:02:00]} 16. Nxf6+ {[%emt 0:07:20]} Qxf6 {[%emt 0:00:33]} 17. b3 {[%emt 0:00:06]} Rfd8 {[%emt 0:07:40]} 18. Qd2 {[%emt 0:04:46]} h5 {[%emt 0:11:17]} 19. O-O {[%emt 0:08:06]} Kg7 {[%emt 0:10:42]} 20. Rae1 {[%emt 0:10:17]} Rab8 {[%emt 0:02:35]} 21. Re3 {[%emt 0:08:08]} Rd7 {[%emt 0:01:04]} 22. Rd3 {[%emt 0:16:18]} Rbd8 {[%emt 0:06:44]} 23. f4 {[%emt 0:00:00]} exf4 {[%emt 0:02:16]} 24. gxf4 {[%emt 0:00:00]} Bg4 {[%emt 0:17:23]} 25. Qf2 {[%emt 0:00:00]} a4 {[%emt 0:05:29]} 26. Ne3 {[%emt 0:00:00]} axb3 {[%emt 0:02:50]} 27. axb3 {[%emt 0:00:00]} Ne7 {[%emt 0:02:49]} 28. Re1 {[%emt 0:00:00]} Qe6 {[%emt 0:09:53]} 29. Nc2 {[%emt 0:08:29]} Rb8 {[%emt 0:04:22]} 30. Ra1 {[%emt 0:01:14]} Nc8 {[%emt 0:08:37]} 31. Ra6 {[%emt 0:00:48]} Qe7 {[%emt 0:01:06]} 32. Nd4 {[%emt 0:02:41]} Rbb7 {[%emt 0:03:05]} 33. Ra8 {[%emt 0:04:53]} Rbc7 {[%emt 0:00:37]} 34. Nc2 {[%emt 0:01:57]} Rc5 {[%emt 0:00:44]} 35. Nxb4 {[%emt 0:00:59]} Ra7 {[%emt 0:00:22]} 36. Nd5 {[%emt 0:00:33]} Qb7 {[%emt 0:00:36]} 37. Rxa7 {[%emt 0:00:05]} Qxa7 {[%emt 0:00:27]} 38. Qd4+ {[%emt 0:00:06]} Kg8 {[%emt 0:00:31]} 39. Kh2 {[%emt 0:01:32]} Ra5 {[%emt 0:00:32]} 40. Qxa7 {[%emt 0:01:28]} Rxa7 {[%emt 0:00:02]} 41. e5 {[%emt 0:31:38]} Bf5 {[%emt 0:03:35]} 42. Rd2 {[%emt 0:00:00]} dxe5 {[%emt 0:01:51]} 43. fxe5 {[%emt 0:00:00]} Ra1 44. Bh3 {[%emt 0:09:44]} Bxh3 {[%emt 0:03:15]} 45. Kxh3 {[%emt 0:00:29]} Re1 {[%emt 0:00:15]} 46. Ra2 {[%emt 0:00:17]} 1-0

[Event "11th LCC FIDE Open 2019"]
[Site "London"]
[Date "2019.12.05"]
[Round "8.3"]
[White "Arkell, Keith C"]
[Black "Gormally, Daniel W"]
[Result "1/2-1/2"]
[WhiteElo "2445"]
[BlackElo "2491"]
[Annotator "ChessBase"]
[PlyCount "48"]
[EventDate "2019.11.29"]
[EventType "swiss"]
[EventCountry "ENG"]
[SourceTitle "playchess.com"]
[Source "ChessBase"]
[SourceQuality "1"]
[TimeControl "40/5400+30:1800+30"]

1. Nf3 {[%emt 0:01:07]} Nf6 {[%emt 0:00:00]} 2. c4 {[%emt 0:00:07]} g6 {[%emt 0:00:16]} 3. Nc3 {[%emt 0:00:06]} Bg7 {[%emt 0:00:07]} 4. g3 {[%emt 0:00:12]} O-O {[%emt 0:00:32]} 5. Bg2 {[%emt 0:00:06]} d6 {[%emt 0:00:42]} 6. O-O {[%emt 0:00:08]} Nbd7 {[%emt 0:00:27]} 7. d3 {[%emt 0:01:22]} c6 {[%emt 0:02:08]} 8. e4 {[%emt 0:02:09]} e5 {[%emt 0:00:16]} 9. Be3 {[%emt 0:01:15]} Re8 {[%emt 0:03:08]} 10. h3 {[%emt 0:00:16]} d5 {[%emt 0:10:21]} 11. cxd5 {[%emt 0:00:48]} cxd5 {[%emt 0:00:05]} 12. exd5 {[%emt 0:00:37]} Nb6 {[%emt 0:00:07]} 13. Bxb6 {[%emt 0:03:04]} Qxb6 {[%emt 0:01:35]} 14. Qb3 {[%emt 0:02:00]} e4 {[%emt 0:08:32]} 15. Qxb6 {[%emt 0:00:53]} axb6 {[%emt 0:00:05]} 16. dxe4 {[%emt 0:04:21]} Nxe4 {[%emt 0:00:04]} 17. Rfe1 {[%emt 0:07:11]} Bf5 {[%emt 0:09:01]} 18. Nxe4 {[%emt 0:25:27]} Bxe4 {[%emt 0:01:00]} 19. Rad1 {[%emt 0:01:37]} Bxb2 {[%emt 0:12:04]} 20. Re2 {[%emt 0:14:34]} Bc3 {[%emt 0:00:43]} 21. Nd4 {[%emt 0:07:38]} Bxd4 {[%emt 0:09:07]} 22. Rxe4 {[%emt 0:06:22]} Rxe4 {[%emt 0:01:54]} 23. Bxe4 {[%emt 0:00:03]} Ra4 {[%emt 0:00:42]} 24. Bc2 {[%emt 0:13:26]} Rxa2 {[%emt 0:01:26]} 1/2-1/2